| 000 | 00989cam a22002291i 4500 | ||
|---|---|---|---|
| 003 | SA-RiAUC | ||
| 005 | 20241225144916.0 | ||
| 008 | 241214s1999 su g 000 0 ara c | ||
| 040 |
_aJO-AmJU _bara _cSA-RiAUC _erda |
||
| 082 | 0 | 4 | _a251 |
| 090 |
_a251 _b ع ث م |
||
| 100 | 1 |
_aالعثمان، حمد بن إبراهيم _eمؤلف. |
|
| 245 | 1 | 0 |
_aزجر المتهاون بضرر قاعدة المعذرة والتعاون : _bنتعاون فيما اتفقنا عليه ويعذر بعضنا بعضا فيما اختلفنا فيه / _cحمد بن إبراهيم العثمان. |
| 264 | 1 |
_aالمدينة المنورة : _bمكتبة الغرباء الأثرية، _c1999 |
|
| 300 |
_a136 صفحة؛ _c24 سم. |
||
| 336 |
_aنص _btxt _2rdacontent _3كتاب |
||
| 337 |
_aبدون وسيط _bn _2rdamedia |
||
| 338 |
_aمجلد _bnc _2rdacarrier |
||
| 650 | 7 |
_aأصول الفقه الإسلامي _2aucsh |
|
| 942 |
_2ddc _cBOOK _n0 |
||
| 949 |
_aSA-JeALM _d241214 _umohamedma123 _n1 |
||
| 999 |
_c3964 _d3964 |
||